| 000 | 01243cam a2200313 a 4500 | ||
|---|---|---|---|
| 001 | c 62001845 | ||
| 003 | DLC | ||
| 005 | 20260227111034.0 | ||
| 008 | 870723r1960 cc ab e 000 0 chi | ||
| 010 | _ac 62001845 | ||
| 035 | _a(CStRLIN)DCLP87-B13650 | ||
| 040 |
_aDLC-R _cDLC-R _dCStRLIN _dDLC |
||
| 050 | 0 | 0 |
_aAE2 _b.Y852 1960 |
| 066 | _c$1 | ||
| 130 | 0 |
_6880-01 _aYongle da dian. _kSelections. |
|
| 245 | 0 | 0 |
_6880-02 _aYongle da dian / _c[Xie Jin deng zhuan xiu ; Yao Guangxiao deng jian xiu]. |
| 260 |
_6880-03 _aBeijing : _bZhonghua shu ju, _c1960-1984. |
||
| 300 |
_a222 v. in 22 cases : _bill., maps ; _c20 cm. |
||
| 500 | _aReprint; cases 21-22 repinted in 1982, published in 1984. | ||
| 650 | 0 |
_aEncyclopedias and dictionaries, Chinese _xEarly works to 1800. |
|
| 700 | 1 |
_6880-04 _aXie, Jin, _d1369-1415. |
|
| 700 | 1 |
_6880-05 _aYao, Guangxiao, _d1335-1419. |
|
| 880 | 0 |
_6130-01/$1 _a永樂 大典. _kSelections. |
|
| 880 | 0 | 0 |
_6245-02/$1 _a永樂 大典 / _c[解 縉 等 纂修 ; 姚 廣孝 等 監修]. |
| 880 |
_6260-03/$1 _a北京 : _b中華 書局, _c1960-1984. |
||
| 880 | 1 |
_6700-04/$1 _a解 縉, _d1369-1415. |
|
| 880 | 1 |
_6700-05/$1 _a姚 廣孝, _d1335-1419. |
|
| 987 |
_aPINYIN _bCStRLIN _c20001211 _dc _e1.0 |
||
| 999 |
_c12785 _d12785 |
||